1741 1081 1595 1735 1685 1974 1572 1693 1430 1227 1819 1235 1908 1103 1339 1697 1556 1729 1860 1464 1934 1964 1832 1982 1937 1102 1601 1350 1456 1134 1537 1876 1610 1245 1067 1013 1146 1507 1633 1239 1696 1324 1680 1806 1127 1931 1772 1759 1410 1851 1712 1478 1841 1836 1472 1042 1418 1465 1041 1233 1210 1834 1971 1362 1595 1857 1076 1165 1319 1391 1077 1960 1801 1593 1695 1010 1990 1886 1435 1340 1460 1337 1532 1454 1504 1643 1278 1076 1027 1921 1495 1627 1775 1445 1761 1241 1982 1758 1081 BCNSPRNW ULIB Ver.6.0+V

เปลี่ยนเป็นภาษาไทย

Change to English
 แสดงรายละเอียดบรรณานุกรม
  กลับหน้าหลัก

Brief Record : Get Marc (ISO 2709) : E-mail record : QR code < ปิดหน้าต่าง
LEADER : 00000nam 2200000uu 4500
001    13399115021
003     ULIB
008    020711s2552 th a 000 0 tha d
020    ^a9789742127909
099    ^aรส.^bช521พ
100    ^aJohann Wolfgang von Goethe
245    ^aพ่อมดมือใหม่จอมป่วน /^cJohann Wolfgang von Goethe
260    ^aกรุงเทพฯ :^bซีเอ็ด,^c2552
300    70 หน้า
500    ชุดอ่านอังกฤษ เก่งอังกฤษ
501    Stage 1
945    ^p79^l0^i028958
999 ^a ทศพร
รายการนี้ยังไม่มีแท็ก
คุณยังไม่ได้ล็อกอิน คุณสามารถมีกิจกรรมร่วมกับเว็บไซต์ได้ แต่ต้องล็อกอินก่อน ::
  ล็อกอิน

รายการสื่อสารสนเทศ

ลำดับที่ ประเภท เลขเรียก/บาร์โค้ด สถานที่ สถานะ
1. นวนิยาย
นวนิยาย
รส. ช521พ ฉ.1 
  Barcode: 028958
ห้องสมุดวิทยาเขตสวรรค์ประชารักษ์
►นวนิยาย
บนชั้น
  ขอยืม

BibComment


ยังไม่เคยถูกคอมเมนท์

คอมเมนท์ทรัพยากรรายการนี้
  คอมเมนท์: พ่อมดมือใหม่จอมป..


 Copyright 2026. Bcnsprnw @Library